000 00527nam a2200193Ia 4500
003 GCL
008 140319s9999 xx 000 0 ara d
040 _aGCL /
_cGCL
082 0 4 _a792.09
_bب ت
100 1 _aاحمد كمال يونس
245 1 0 _aتاريخ المسرح /
_cاحمد كمال يونس
700 1 _aحسن محمود
700 1 _aبينارد، كلود
300 _a152 ص
490 _aالالف كتاب
_v0
650 0 4 _aالفنون
650 0 4 _aالمسرح - تاريخ
942 _2ddc
_cBK
999 _c49531
_d49531